000
00310nam a2200121Ia 4500
005
20260326235446.0
008
260326s9999||||xx |||||||||||||| ||und||
100
_a
Riley, Terence
245
0
_a
Tall Buildings /
_c
Terence Riley
260
_b
The Museum of Modern Art
650
_a
ARQUITECTURA CIVIL
942
_c
BK
999
_c
7594
_d
7594